Southville International School and Colleges
Your cart is empty.
  • Cart
  • Lists
    Public lists Eva Luna New books Lux_list list_1
    Your lists Log in to create your own lists
  • Log in to your account
  • Your cookies
  • Search history
Southville International School and Colleges
  • Advanced search
  • Recent comments
  • Most popular
  • Libraries

Log in to your account

Log in with GOOGLE


If you do not have an external account, but do have a local account, you can still log in:

  1. Home
  2. MARC view: Theatre & politics /
Normal view MARC view ISBD view

Theatre & politics / (Record no. 39065)

[ view plain ]
MARC details
000 -LEADER
fixed length control field 01232cam a2200385 a 4500
001 - CONTROL NUMBER
control field 15969868
003 - CONTROL NUMBER IDENTIFIER
control field OSt
005 - DATE AND TIME OF LATEST TRANSACTION
control field 20140311162956.0
008 - FIXED-LENGTH DATA ELEMENTS--GENERAL INFORMATION
fixed length control field 091102s2009 enk b 001 0 eng d
010 ## - LIBRARY OF CONGRESS CONTROL NUMBER
LC control number 2009279442
015 ## - NATIONAL BIBLIOGRAPHY NUMBER
National bibliography number GBA930100
Source bnb
016 7# - NATIONAL BIBLIOGRAPHIC AGENCY CONTROL NUMBER
Record control number 014937131
Source Uk
020 ## - INTERNATIONAL STANDARD BOOK NUMBER
International Standard Book Number 9780230205239 (pbk. : acidfree paper)
020 ## - INTERNATIONAL STANDARD BOOK NUMBER
International Standard Book Number 0230205232 (pbk.)
035 ## - SYSTEM CONTROL NUMBER
System control number (OCoLC)ocn298778327
040 ## - CATALOGING SOURCE
Original cataloging agency BTCTA
Transcribing agency BTCTA
Modifying agency YDXCP
-- UKM
-- BWK
-- SUC
-- OCLCQ
-- IAY
-- DLC
042 ## - AUTHENTICATION CODE
Authentication code lccopycat
050 00 - LIBRARY OF CONGRESS CALL NUMBER
Classification number PN 2049
Item number .K45 2009
100 1# - MAIN ENTRY--PERSONAL NAME
Personal name Kelleher, Joe.
245 10 - TITLE STATEMENT
Title Theatre & politics /
Statement of responsibility, etc Joe Kelleher.
246 3# - VARYING FORM OF TITLE
Title proper/short title Theatre and politics
246 3# - VARYING FORM OF TITLE
Title proper/short title Theater & politics
260 ## - PUBLICATION, DISTRIBUTION, ETC. (IMPRINT)
Place of publication, distribution, etc Houndmills, Basingstoke, Hampshire [England] ;
-- New York :
Name of publisher, distributor, etc Palgrave Macmillan,
Date of publication, distribution, etc 2009.
300 ## - PHYSICAL DESCRIPTION
Extent 85 p. :
Dimensions 18 cm.
490 1# - SERIES STATEMENT
Series statement Theatre&
504 ## - BIBLIOGRAPHY, ETC. NOTE
Bibliography, etc Includes bibliographical references (p. 77-82) and index.
650 #0 - SUBJECT ADDED ENTRY--TOPICAL TERM
Topical term or geographic name as entry element Theater
General subdivision Political aspects.
650 #0 - SUBJECT ADDED ENTRY--TOPICAL TERM
Topical term or geographic name as entry element Theater and state.
830 #0 - SERIES ADDED ENTRY--UNIFORM TITLE
Uniform title Theatre&
906 ## - LOCAL DATA ELEMENT F, LDF (RLIN)
a 7
b cbc
c copycat
d 2
e ncip
f 20
g y-gencatlg
942 ## - ADDED ENTRY ELEMENTS (KOHA)
Source of classification or shelving scheme Library of Congress Classification
Koha item type Books
Call number prefix Foreign
Holdings
Withdrawn status Lost status Source of classification or shelving scheme Damaged status Home library Current library Shelving location Date acquired Source of acquisition Cost, normal purchase price Total Checkouts Full call number Barcode Date last seen Date checked out Copy number Price effective from Koha item type
    Library of Congress Classification   College Library College Library General Circulation Section 10/14/2011   656.00 1 PN 2049 .K45 2009 C12466 05/15/2018 02/02/2015 1 10/18/2013 Books
    Library of Congress Classification   College Library College Library General Circulation Section 11/04/2013   656.00   PN 2049 .K45 2009 C12539 05/15/2018   2 11/04/2013 Books

Theatre & politics /

APA

Kelleher J., . (2009). Theatre & politics. Houndmills, Basingstoke, Hampshire [England]: Palgrave Macmillan.

Chicago

Kelleher Joe, . 2009. Theatre & politics. Houndmills, Basingstoke, Hampshire [England]: Palgrave Macmillan.

Harvard

Kelleher J., . (2009). Theatre & politics. Houndmills, Basingstoke, Hampshire [England]: Palgrave Macmillan.

MLA

Kelleher Joe, . Theatre & politics. Houndmills, Basingstoke, Hampshire [England]: Palgrave Macmillan. 2009.

  • Place hold
  • Print
  • Cite
  • Add to your cart (remove)
  • Save record
    BIBTEX Dublin Core MARCXML MARC (non-Unicode/MARC-8) MARC (Unicode/UTF-8) MARC (Unicode/UTF-8, Standard) MODS (XML) RIS
  • More searches
    Search for this title in:
    Other Libraries (WorldCat) Other Databases (Google Scholar) Online Stores (Bookfinder.com) Open Library (openlibrary.org)

Exporting to Dublin Core...

SOUTHVILLE LIBRARY

Southville International School and Colleges Library

1281 Tropical Ave. Cor. Luxembourg St., BF Homes International, Las Pinas City

Tel. No. 8256374 / 252358 Loc. 117/146

Powered by Koha